Didaktika základov účtovníctva
Enregistré dans:
| Auteur principal: | |
|---|---|
| Collectivité auteur: | |
| Autres auteurs: | , , |
| Format: | Livre |
| Langue: | slovaque |
| Publié: |
Bratislava
Vydavateľstvo EKONÓM
2018
|
| Édition: | 1. vydanie |
| Sujets: | |
| Tags: |
Pas de tags, Soyez le premier à ajouter un tag!
|
MARC
| LEADER | 00000nam a2200000 4500 | ||
|---|---|---|---|
| 001 | 0247690 | ||
| 005 | 20240502073950.1 | ||
| 020 | |a 978-80-225-4511-2 | ||
| 041 | 0 | |a slo | |
| 044 | |a SK | ||
| 245 | 1 | 0 | |a Didaktika základov účtovníctva |c Rudolf Šlosár, Jaromír Novák ; recenzentky: Katarína Máziková, Alena Horáčková |
| 250 | |a 1. vydanie | ||
| 264 | 1 | |a Bratislava |b Vydavateľstvo EKONÓM |c 2018 | |
| 300 | |a 248 s. [14 AH] | ||
| 610 | 2 | 0 | |a didaktika |
| 610 | 2 | 0 | |a účtovníctvo |
| 610 | 2 | 0 | |a výchova |
| 610 | 2 | 0 | |a vzdelávanie |
| 610 | 2 | 0 | |a pedagogika |
| 610 | 2 | 0 | |a veda |
| 610 | 2 | 0 | |a školy odborné |
| 610 | 2 | 0 | |a obchod |
| 610 | 2 | 0 | |a metodika |
| 610 | 2 | 0 | |a vyučovanie |
| 610 | 2 | 0 | |a pojmy |
| 610 | 2 | 0 | |a majetok |
| 610 | 2 | 0 | |a účtovníctvo podvojné |
| 610 | 2 | 0 | |a zápisy účtovné |
| 610 | 2 | 0 | |a knihy účtovné |
| 610 | 2 | 0 | |a účtovanie |
| 610 | 2 | 0 | |a prípady účtovné |
| 610 | 2 | 0 | |a účty finančné |
| 610 | 2 | 0 | |a Slovensko |
| 100 | 1 | |a Šlosár, Rudolf | |
| 700 | 1 | |a Novák, Jaromír, 1978- | |
| 700 | 1 | |a Máziková, Katarína | |
| 700 | 1 | |a Horáčková, Alena | |
| 710 | 2 | |a Ekonomická univerzita v Bratislave. Národohospodárska fakulta | |